000
00213nam a22000857a 4500
008
170621b xxu||||| |||| 00| 0 eng d
100
_9
3609
_a
Trafder. S. K
245
_a
Essay writing
260
_a
New Delhi
_b
A. P. H
_c
2010
999
_c
6997
_d
6997